[Event "TCh-HUN 2024-25"]
[Site "Hungary HUN"]
[Date "2025.05.11"]
[Round "9.9"]
[White "Puskas, Mihaly"]
[Black "Palczert, Matyas"]
[Result "0-1"]
[BlackTitle "FM"]
[WhiteElo "1929"]
[BlackElo "2359"]
[WhiteTeam "Maroczy SE"]
[BlackTeam "Tuxera ANSK"]
[WhiteFideId "17003202"]
[BlackFideId "784958"]
[EventDate "2024.11.02"]

1. d4 d5 2. c4 e6 3. Nc3 Nf6 4. cxd5 exd5 5. Bg5 Be6 6. e3 Nbd7 7. Bd3 c6 8. Qc2
h6 9. Bh4 g5 10. Bg3 Nh5 11. Nf3 Nxg3 12. hxg3 Qf6 13. Rb1 O-O-O 14. b4 Kb8 15.
Na4 Rc8 16. Nc5 Rc7 17. Rb3 h5 18. Ke2 Bg4 19. Ra3 Nb6 20. b5 cxb5 21. Bxb5 Bxc5
22. dxc5 Rhc8 23. Rc3 Nc4 24. c6 Ne5 25. Rb1 b6 26. Ba6 Bf5 27. Qa4 Bxb1 28. Ra3
Nxf3 29. Bb7 Qb2+ 30. Kf1 Qc1+ 31. Ke2 Ng1# 0-1

[Event "TCh-HUN 2024-25"]
[Site "Hungary HUN"]
[Date "2025.05.11"]
[Round "9.10"]
[White "Gara, Anita"]
[Black "Szamko, Hanna"]
[Result "1-0"]
[WhiteTitle "IM"]
[WhiteElo "2343"]
[BlackElo "1836"]
[WhiteTeam "Tuxera ANSK"]
[BlackTeam "Maroczy SE"]
[WhiteFideId "709751"]
[BlackFideId "17003229"]
[EventDate "2024.11.02"]

1. e4 d5 2. exd5 Qxd5 3. Nc3 Qa5 4. Bc4 Nf6 5. d3 c6 6. Bd2 Qc7 7. Qe2 Bf5 8.
Nf3 Nbd7 9. h3 h5 10. O-O-O e6 11. Ng5 Nb6 12. Bb3 O-O-O 13. Qf3 Bd6 14. Nxf7
Nbd5 15. Nxh8 Rxh8 16. Ne4 Be5 17. Nxf6 Nxf6 18. Rhe1 Qd6 19. Qe3 Bd4 20. Bxe6+
Bxe6 21. Qxe6+ Qxe6 22. Rxe6 Bxf2 23. Re7 Rg8 24. Bc3 Nd5 25. Rf7 Be3+ 26. Bd2
Bd4 27. Rdf1 Bf6 28. c4 Nb6 29. Bc3 Bg5+ 30. Kc2 Bf6 31. Bxf6 gxf6 32. R1xf6
Rxg2+ 33. Rf2 Rg3 34. Rh7 1-0

[Event "TCh-HUN 2024-25"]
[Site "Hungary HUN"]
[Date "2025.05.11"]
[Round "9.1"]
[White "Mihok, Oliver"]
[Black "Ruck, Robert"]
[Result "1/2-1/2"]
[WhiteTitle "GM"]
[BlackTitle "GM"]
[WhiteElo "2522"]
[BlackElo "2516"]
[WhiteTeam "Duocor-Makoi SVSE"]
[BlackTeam "Haladas VSE"]
[WhiteFideId "728012"]
[BlackFideId "705713"]
[EventDate "2024.11.02"]

1. e4 c6 2. d4 d5 3. e5 Bf5 4. h4 f6 5. g4 Bd7 6. Nc3 Qb6 7. h5 fxe5 8. dxe5 d4
9. Ne4 Qa5+ 10. Bd2 Qxe5 11. Bd3 Nf6 12. Nf3 Qe6 13. Qe2 Nxe4 14. Bxe4 Na6 15.
Nxd4 Qxg4 16. Qxg4 Bxg4 17. Nxc6 Nc5 18. Bg2 Bf5 19. Rh4 e5 20. Nxe5 Be7 21. Rf4
Rf8 22. O-O-O Rc8 23. Re1 Ne6 24. Rc4 Rxc4 25. Nxc4 b6 26. Bd5 Nc7 27. Bc6+ Kd8
28. Bf4 Ne6 29. Rd1+ Kc8 30. Bd7+ Kb7 31. Bd6 Bg5+ 32. f4 Rd8 33. fxg5 Rxd7 34.
Ne5 Rd8 35. g6 hxg6 36. hxg6 Nf4 37. Nf7 Rc8 38. c3 Nd3+ 39. Kd2 Nxb2 40. Be5
Nc4+ 41. Kc1 Nxe5 42. Nd6+ Ka6 43. Nxf5 Rxc3+ 44. Kb2 Rc7 45. Rd8 Nxg6 46. Rg8
Rc5 47. Rxg7 Ne5 48. Nd4 Rc4 49. Nb3 Rh4 50. Rg2 Rh3 51. Kc2 Re3 52. Nd4 Ra3 53.
Kb1 Rd3 54. Nb3 Nc4 55. Rg7 Rh3 56. Rc7 Rh1+ 57. Kc2 Rh2+ 58. Kb1 Na3+ 59. Ka1
Nb5 60. Rc4 Kb7 61. a4 Nd6 62. Rg4 Kc6 63. a5 Kb5 64. axb6 axb6 65. Nd4+ Kc5 66.
Nb3+ Kb5 67. Nd4+ Kc5 68. Nb3+ Kd5 69. Rd4+ Kc6 70. Rg4 Rf2 71. Kb1 Kb7 72. Nd4
Ka6 73. Nc2 Nf5 74. Re4 Nd6 75. Rd4 Nb5 76. Rd3 Nc7 77. Nb4+ Kb7 78. Rd7 Kc8 79.
Rh7 Rg2 80. Nc6 Nd5 81. Ne7+ Nxe7 82. Rxe7 1/2-1/2

[Event "TCh-HUN 2024-25"]
[Site "Hungary HUN"]
[Date "2025.05.11"]
[Round "9.2"]
[White "Nemeth, Miklos1"]
[Black "Csonka, Balazs"]
[Result "1/2-1/2"]
[WhiteTitle "IM"]
[BlackTitle "IM"]
[WhiteElo "2422"]
[BlackElo "2473"]
[WhiteTeam "Haladas VSE"]
[BlackTeam "Duocor-Makoi SVSE"]
[WhiteFideId "720232"]
[BlackFideId "742910"]
[EventDate "2024.11.02"]

1. e4 e5 2. Nf3 Nc6 3. Bb5 a6 4. Ba4 Nf6 5. O-O Be7 6. Re1 b5 7. Bb3 O-O 8. c3
d5 9. exd5 Nxd5 10. Nxe5 Nxe5 11. Rxe5 c6 12. d3 Bd6 13. Re1 Bf5 14. Nd2 Nf4 15.
Ne4 Nxd3 16. Bg5 Qd7 17. Nxd6 Qxd6 18. Bc2 Qg6 19. Bxd3 Bxd3 20. Be3 Rfd8 21.
Qf3 Be4 22. Qg3 Qxg3 23. hxg3 Re8 24. Bd4 f6 25. f3 Bd5 26. a3 Kf7 27. Kf2 Rxe1
28. Rxe1 Re8 29. Rxe8 Kxe8 30. g4 h6 1/2-1/2

[Event "TCh-HUN 2024-25"]
[Site "Hungary HUN"]
[Date "2025.05.11"]
[Round "9.4"]
[White "Borhy, Marcell"]
[Black "Saric, Sinisa"]
[Result "1/2-1/2"]
[WhiteTitle "IM"]
[BlackTitle "IM"]
[WhiteElo "2356"]
[BlackElo "2370"]
[WhiteTeam "Haladas VSE"]
[BlackTeam "Duocor-Makoi SVSE"]
[WhiteFideId "770787"]
[BlackFideId "925071"]
[EventDate "2024.11.02"]

1. Nf3 Nf6 2. g3 g6 3. b3 Bg7 4. Bb2 c5 5. c4 O-O 6. Bg2 Nc6 7. O-O b6 8. d4
cxd4 9. Nxd4 Bb7 10. Nc3 Qc8 11. Rc1 Nxd4 12. Qxd4 Bxg2 13. Kxg2 Qc6+ 14. f3 Ne8
15. Qd2 Nc7 16. Nd5 Nxd5 17. Bxg7 Kxg7 18. Qxd5 Rfd8 19. e4 Rac8 20. Rfd1 d6 21.
Qxc6 Rxc6 22. e5 f6 23. exf6+ Kxf6 24. Rc2 Rc5 25. Re2 Re5 26. Rxe5 Kxe5 27. f4+
Ke6 28. Kf3 Rc8 29. Rd2 Rc5 30. Ke4 Rc8 31. g4 1/2-1/2

[Event "TCh-HUN 2024-25"]
[Site "Hungary HUN"]
[Date "2025.05.11"]
[Round "9.6"]
[White "Gombocz, Ferenc Jr."]
[Black "Horvath, Zsolt"]
[Result "1/2-1/2"]
[WhiteTitle "FM"]
[BlackTitle "FM"]
[WhiteElo "2333"]
[BlackElo "2378"]
[WhiteTeam "Haladas VSE"]
[BlackTeam "Duocor-Makoi SVSE"]
[WhiteFideId "775029"]
[BlackFideId "723070"]
[EventDate "2024.11.02"]

1. d4 Nf6 2. c4 e6 3. Nf3 d5 4. g3 Be7 5. Bg2 O-O 6. O-O c6 7. Qc2 b6 8. Rd1 Bb7
9. Nc3 Nbd7 10. b3 Ba6 11. Bf4 Nh5 12. Bd2 Nhf6 13. Bf4 Nh5 14. Bd2 Nhf6 15. Bf4
Nh5 16. Bd2 1/2-1/2

[Event "TCh-HUN 2024-25"]
[Site "Hungary HUN"]
[Date "2025.05.11"]
[Round "9.7"]
[White "Szalai, Kornel"]
[Black "Sardy, Peter Dr."]
[Result "0-1"]
[WhiteTitle "IM"]
[BlackTitle "FM"]
[WhiteElo "2370"]
[BlackElo "2353"]
[WhiteTeam "Duocor-Makoi SVSE"]
[BlackTeam "Haladas VSE"]
[WhiteFideId "724378"]
[BlackFideId "720143"]
[EventDate "2024.11.02"]

1. Nf3 c5 2. c4 Nc6 3. g3 g6 4. Bg2 Bg7 5. O-O d6 6. Nc3 e6 7. a3 Nge7 8. Rb1 b6
9. b4 Bb7 10. bxc5 dxc5 11. Qc2 Qd7 12. e3 Rd8 13. Rd1 O-O 14. d3 Qc8 15. Bb2 h6
16. Ne4 e5 17. Nc3 f5 18. Ne1 g5 19. Nd5 Ng6 20. Qe2 g4 21. Bc3 h5 22. h4 Nce7
23. Nxe7+ Nxe7 24. Qb2 Ng6 25. a4 Bxg2 26. Nxg2 Rf7 27. a5 bxa5 28. Qb5 f4 29.
exf4 exf4 30. Bxg7 Rxg7 31. gxf4 g3 32. Qxa5 Rf8 33. fxg3 Qh3 34. Rd2 Qxg3 35.
Qxc5 Nxf4 36. Ra1 Qxh4 37. Rxa7 Nh3+ 38. Kh2 Qg3+ 0-1

[Event "TCh-HUN 2024-25"]
[Site "Hungary HUN"]
[Date "2025.05.11"]
[Round "9.8"]
[White "Balint, Peter"]
[Black "Tatar Kis, Szabolcs"]
[Result "1-0"]
[WhiteTitle "FM"]
[BlackTitle "IM"]
[WhiteElo "2393"]
[BlackElo "2324"]
[WhiteTeam "Haladas VSE"]
[BlackTeam "Duocor-Makoi SVSE"]
[WhiteFideId "1660713"]
[BlackFideId "702595"]
[EventDate "2024.11.02"]

1. e4 c5 2. Nf3 Nc6 3. d4 cxd4 4. Nxd4 g6 5. c4 Bg7 6. Be3 Nf6 7. Nc3 O-O 8. Be2
d6 9. O-O Bd7 10. Nc2 Qa5 11. h3 Rac8 12. f4 a6 13. a4 Rfd8 14. Nd5 Nxd5 15.
exd5 Bxb2 16. dxc6 bxc6 17. Rb1 Rb8 18. Bd4 Bxd4+ 19. Qxd4 c5 20. Qe3 Bf5 21.
Bd3 Bxd3 22. Qxd3 Qxa4 23. Ne3 Rxb1 24. Rxb1 e6 25. Qc3 h5 26. f5 Qd7 27. Qf6
exf5 28. Nd5 Re8 29. Qc3 1-0

[Event "TCh-HUN 2024-25"]
[Site "Hungary HUN"]
[Date "2025.05.11"]
[Round "9.10"]
[White "Csontos, Aron"]
[Black "Meszaros-Csonka, David"]
[Result "1/2-1/2"]
[WhiteElo "2224"]
[BlackElo "1936"]
[WhiteTeam "Haladas VSE"]
[BlackTeam "Duocor-Makoi SVSE"]
[WhiteFideId "17004420"]
[BlackFideId "17012775"]
[EventDate "2024.11.02"]

1. e4 c5 2. Nf3 a6 3. c3 d5 4. exd5 Qxd5 5. d4 e6 6. Be3 Nd7 7. c4 Qd6 8. Nc3
Ngf6 9. h3 b6 10. Qc2 Bb7 11. dxc5 bxc5 12. Be2 Qc7 13. O-O Bd6 14. Ng5 Bf4 15.
Qc1 Bxe3 16. Qxe3 Qe5 17. Qxe5 Nxe5 18. f4 Ned7 19. Bf3 Rb8 20. b3 h6 21. Bxb7
Rxb7 22. Nge4 Nxe4 23. Nxe4 Rb6 24. Rad1 f5 25. Nc3 Ke7 26. Rfe1 Rd6 27. Rd5 g6
28. Na4 Rc8 29. Kf1 Rcc6 30. Re3 Kf6 31. Rdd3 Ke7 32. Ke2 Rxd3 33. Rxd3 Rd6 34.
Nb2 Rxd3 35. Nxd3 Kd6 36. g4 fxg4 37. hxg4 1/2-1/2

[Event "TCh-HUN 2024-25"]
[Site "Hungary HUN"]
[Date "2025.05.11"]
[Round "9.1"]
[White "Harikrishna, Pentala"]
[Black "Erdos, Viktor"]
[Result "1/2-1/2"]
[WhiteTitle "GM"]
[BlackTitle "GM"]
[WhiteElo "2695"]
[BlackElo "2533"]
[WhiteTeam "ASE Paks"]
[BlackTeam "MTK Budapest"]
[WhiteFideId "5007003"]
[BlackFideId "719978"]
[EventDate "2024.11.02"]

1. e4 e5 2. Nf3 Nf6 3. d4 Nxe4 4. Bd3 Nc6 5. Nxe5 Nxe5 6. dxe5 Nc5 7. Bc4 d6 8.
Qf3 Ne6 9. exd6 Bxd6 10. Nc3 Qe7 11. Be3 Nd4 12. Qxf7+ Qxf7 13. Bxf7+ Kxf7 14.
Bxd4 Re8+ 15. Be3 Bd7 16. O-O Be5 17. Ne2 a5 18. c3 a4 19. Nd4 a3 20. b4 Bxd4
21. cxd4 c6 22. Rfc1 Be6 23. Rc5 Bd5 24. Ra5 b6 25. Rxa8 Rxa8 26. f3 Ra4 27. Bd2
b5 28. Kf2 Bc4 29. Ke3 Ra7 30. Kf2 Ra4 31. Ke3 1/2-1/2

[Event "TCh-HUN 2024-25"]
[Site "Hungary HUN"]
[Date "2025.05.11"]
[Round "9.2"]
[White "Sahidi, Samir"]
[Black "Kozak, Adam"]
[Result "1/2-1/2"]
[WhiteTitle "IM"]
[BlackTitle "GM"]
[WhiteElo "2485"]
[BlackElo "2591"]
[WhiteTeam "MTK Budapest"]
[BlackTeam "ASE Paks"]
[WhiteFideId "14936372"]
[BlackFideId "753246"]
[EventDate "2024.11.02"]

1. Nf3 Nf6 2. c4 b6 3. g3 Bb7 4. Bg2 g6 5. O-O Bg7 6. d4 O-O 7. Nc3 Ne4 8. Nxe4
Bxe4 9. Be3 d6 10. Qd2 c5 11. Bh6 Nc6 12. Bxg7 Kxg7 13. Qe3 Bxf3 14. Qxf3 Nxd4
15. Qxa8 Qxa8 16. Bxa8 Rxa8 17. e3 Nc6 18. Rfc1 Kf6 19. Kf1 Rb8 20. a3 a5 21. a4
Rd8 22. Ra3 e6 23. Rb3 Nb4 24. e4 Rb8 25. Rd1 Ke7 26. Ke2 Nc6 27. Rbd3 Nd4+ 28.
Rxd4 cxd4 29. Rxd4 Rc8 30. b3 Rc5 31. h4 f5 32. f3 fxe4 33. fxe4 Rc8 34. Rd3 Rf8
35. Rf3 Rf6 36. Rf4 Rxf4 1/2-1/2

[Event "TCh-HUN 2024-25"]
[Site "Hungary HUN"]
[Date "2025.05.11"]
[Round "9.3"]
[White "Papp, Gabor1"]
[Black "Juhasz, Agoston"]
[Result "1/2-1/2"]
[WhiteTitle "GM"]
[BlackTitle "IM"]
[WhiteElo "2511"]
[BlackElo "2432"]
[WhiteTeam "ASE Paks"]
[BlackTeam "MTK Budapest"]
[WhiteFideId "718602"]
[BlackFideId "778346"]
[EventDate "2024.11.02"]

1. e4 c5 2. Nf3 Nc6 3. Bb5 d6 4. O-O Bd7 5. Re1 Nf6 6. h3 a6 7. Bf1 Rg8 8. d4
Nxd4 9. Nxd4 cxd4 10. Qxd4 g5 11. e5 dxe5 12. Qxe5 e6 13. Bxg5 Ng4 14. Bxd8 Nxe5
15. Rxe5 Rxd8 16. Nc3 Bg7 17. Rg5 Ke7 18. Rd1 f5 19. Rd3 h6 20. Rgg3 Bf6 21.
Rxg8 Rxg8 22. Nd1 Bc6 23. c3 h5 24. Ne3 Be4 25. Rd1 f4 26. Nc4 b5 27. Re1 Bf5
28. Ne5 Bxh3 29. Kh2 Bf5 30. Bd3 Bxe5 31. Bxf5 Kf6 32. Be4 Rd8 33. Rc1 Rd2 34.
Rc2 Rxc2 35. Bxc2 a5 36. a3 b4 37. cxb4 axb4 38. axb4 f3+ 39. g3 h4 40. Bd1
hxg3+ 41. fxg3 f2 42. Be2 Bxb2 43. Kg2 Bd4 44. Kf3 Kg5 45. b5 Ba7 46. Ke4 f1=Q
47. Bxf1 Kg4 48. Ke5 Kxg3 49. Kxe6 1/2-1/2

[Event "TCh-HUN 2024-25"]
[Site "Hungary HUN"]
[Date "2025.05.11"]
[Round "9.4"]
[White "Pribelszky, Bence"]
[Black "Berkes, Ferenc"]
[Result "0-1"]
[WhiteTitle "IM"]
[BlackTitle "GM"]
[WhiteElo "2395"]
[BlackElo "2600"]
[WhiteTeam "MTK Budapest"]
[BlackTeam "ASE Paks"]
[WhiteFideId "769738"]
[BlackFideId "718572"]
[EventDate "2024.11.02"]

1. e4 e6 2. d4 d5 3. Nd2 dxe4 4. Nxe4 Nd7 5. Nf3 Ngf6 6. Nxf6+ Nxf6 7. g3 b6 8.
Bb5+ Bd7 9. Bxd7+ Qxd7 10. Ne5 Qd5 11. O-O b5 12. c4 bxc4 13. Qa4+ c6 14. Nxc6
Qd7 15. Qa6 Bd6 16. Ne5 Bxe5 17. dxe5 Nd5 18. Qxc4 O-O 19. Qg4 a5 20. b3 Kh8 21.
Ba3 Rfc8 22. Rfc1 h6 23. Bd6 Kg8 24. Rc4 Nb6 25. Rc5 Rxc5 26. Bxc5 Nd5 27. Rc1
Qc7 28. Qd4 Nb4 29. Rc4 Nd5 30. h4 Qb7 31. Bd6 Qa6 32. Qg4 Nb4 33. Qf3 Nd5 34.
Ba3 Qb5 35. Qe4 Qa6 36. h5 Rd8 37. Qc2 Qb7 38. Bd6 Nb4 39. Qe2 Qa6 40. Kh2 Ra8
41. Qf3 Nd5 42. Qg4 Qb5 43. Qd1 Qa6 44. Bc5 Qb7 45. Qd2 Qb5 46. Qc2 Qb7 47. a3
Qb5 48. Bd6 Qa6 49. Rc6 Qf1 50. Rc8+ Rxc8 51. Qxc8+ Kh7 52. Qc2+ Kh8 53. Qc8+
Kh7 54. Qc2+ Kh8 55. Bc5 Qa1 56. f4 Qf1 57. b4 a4 58. Bg1 Kg8 59. Qc8+ Kh7 60.
Qc2+ Kg8 61. Qb2 Nc7 62. Qc2 Nd5 63. Ba7 Qf3 64. Qc8+ Kh7 65. Qc2+ Kg8 66. b5
Qb3 67. Qxb3 axb3 68. Bd4 Kf8 69. Kg2 Ne3+ 70. Kf3 Nc4 71. Ke2 Ke8 72. Kd3 b2
73. Bxb2 Nxb2+ 74. Kc3 Nd1+ 75. Kd4 Kd7 76. a4 Kc7 77. a5 Nf2 78. Kc4 Kb7 79.
Kd4 Kc7 80. g4 Kb7 81. g5 Kc7 82. f5 exf5 83. g6 fxg6 84. e6 Ne4 85. e7 Nf6 86.
Kc5 Nd7+ 87. Kc4 Nf6 88. Kc5 Nd7+ 89. Kd5 Nf6+ 90. Kc5 f4 91. b6+ Kb7 92. Kb5 f3
93. a6+ Kb8 94. Kc6 f2 95. a7+ Ka8 96. Kc7 Nd5+ 97. Kd6 Nxe7 98. Kc7 Nd5+ 0-1

[Event "TCh-HUN 2024-25"]
[Site "Hungary HUN"]
[Date "2025.05.11"]
[Round "9.5"]
[White "Acs, Peter"]
[Black "Papp, Levente"]
[Result "1-0"]
[WhiteTitle "GM"]
[BlackTitle "FM"]
[WhiteElo "2585"]
[BlackElo "2367"]
[WhiteTeam "ASE Paks"]
[BlackTeam "MTK Budapest"]
[WhiteFideId "708020"]
[BlackFideId "751243"]
[EventDate "2024.11.02"]

1. e4 e6 2. d4 d5 3. Nd2 Nc6 4. Ngf3 Nf6 5. e5 Nd7 6. Bb5 a6 7. Ba4 b5 8. Bb3
Nxd4 9. Nxd4 c5 10. c3 cxd4 11. cxd4 Qh4 12. Nf3 Bb4+ 13. Bd2 Qe4+ 14. Kf1 Qd3+
15. Kg1 Bxd2 16. Bc2 Qc4 17. Qxd2 Bb7 18. Bd3 Qc7 19. Rc1 Qd8 20. h4 Rc8 21. Rh3
Rxc1+ 22. Qxc1 h6 23. Rg3 g6 24. Qf4 Qe7 25. Nh2 Kd8 26. Rf3 Rf8 27. Qxh6 Qb4
28. Qg5+ Kc7 29. Qc1+ Kb8 30. Qc3 Qe7 31. g3 g5 32. h5 g4 33. Rf4 f5 34. exf6
Nxf6 35. Qe1 Ka7 36. Qe5 Nd7 37. Qe3 Rxf4 38. Qxf4 e5 39. Qxg4 e4 40. Be2 e3 41.
h6 exf2+ 42. Kxf2 Nf6 43. Qg7 Qe6 44. Bd3 Qb6 45. Nf3 Ne4+ 46. Kg2 Qa5 47. h7
Qxa2 48. h8=Q Qxb2+ 49. Kh3 Nf2+ 50. Kh4 Qc1 51. Qe5 Qh1+ 52. Kg5 Nh3+ 53. Kg6
Nf4+ 54. gxf4 1-0

[Event "TCh-HUN 2024-25"]
[Site "Hungary HUN"]
[Date "2025.05.11"]
[Round "9.6"]
[White "Juhasz, Armin"]
[Black "Fodor, Tamas Jr."]
[Result "1/2-1/2"]
[WhiteTitle "IM"]
[BlackTitle "GM"]
[WhiteElo "2379"]
[BlackElo "2518"]
[WhiteTeam "MTK Budapest"]
[BlackTeam "ASE Paks"]
[WhiteFideId "724270"]
[BlackFideId "723762"]
[EventDate "2024.11.02"]

1. d4 Nf6 2. c4 e6 3. Nf3 Bb4+ 4. Bd2 a5 5. a3 Bxd2+ 6. Qxd2 b6 7. Nc3 Bb7 8.
Qc2 d6 9. e4 Nbd7 10. Rd1 Qe7 11. Be2 e5 12. d5 O-O 13. O-O g6 14. b4 Ne8 15.
Bd3 Ng7 16. Qd2 f5 17. Qg5 Rf6 18. Rb1 f4 19. Nb5 Ne8 20. Qh6 Ba6 21. Rfc1 Nf8
22. Be2 Kh8 23. Ng5 Bxb5 24. cxb5 Qg7 25. Qh3 h6 26. Bg4 Kg8 27. Be6+ Kh8 28.
Bg4 Kg8 29. Be6+ Kh8 30. Rc3 axb4 31. axb4 Nh7 32. Nxh7 Kxh7 33. Ra3 Rxa3 34.
Qxa3 Rxe6 35. dxe6 Qe7 36. Qa8 Qxe6 37. Qd8 Kg7 38. Ra1 Kf8 39. Ra8 Qf7 40. h4
h5 41. g3 fxg3 42. fxg3 Qe7 43. Qc8 Kf7 44. Kg2 Kf8 45. Ra3 Kf7 46. Rf3+ Kg7 47.
Rc3 Qf7 48. Rf3 Qe7 49. Rc3 Qf7 50. Rf3 1/2-1/2

[Event "TCh-HUN 2024-25"]
[Site "Hungary HUN"]
[Date "2025.05.11"]
[Round "9.7"]
[White "Kaczur, Florian"]
[Black "Jakab, Bela"]
[Result "1-0"]
[WhiteTitle "IM"]
[BlackTitle "FM"]
[WhiteElo "2509"]
[BlackElo "2361"]
[WhiteTeam "ASE Paks"]
[BlackTeam "MTK Budapest"]
[WhiteFideId "705098"]
[BlackFideId "14933128"]
[EventDate "2024.11.02"]

1. e4 e6 2. d4 d5 3. e5 c5 4. c3 Nc6 5. Nf3 Bd7 6. a3 c4 7. Nbd2 Nge7 8. b3 cxb3
9. Nxb3 Nf5 10. Bd3 Be7 11. a4 O-O 12. g4 Nh4 13. Nxh4 Bxh4 14. g5 Bxg5 15. Qh5
h6 16. Rg1 f5 17. Bxg5 hxg5 18. Rxg5 Rf7 19. Ke2 Ne7 20. Nc5 g6 21. Rag1 Rg7 22.
Qh6 Bc8 23. c4 dxc4 24. Bxc4 Qc7 25. Bxe6+ 1-0

[Event "TCh-HUN 2024-25"]
[Site "Hungary HUN"]
[Date "2025.05.11"]
[Round "9.8"]
[White "Matyassy, Lazar"]
[Black "Krstulovic, Alex"]
[Result "1/2-1/2"]
[WhiteTitle "CM"]
[BlackTitle "IM"]
[WhiteElo "2234"]
[BlackElo "2439"]
[WhiteTeam "MTK Budapest"]
[BlackTeam "ASE Paks"]
[WhiteFideId "17005167"]
[BlackFideId "760056"]
[EventDate "2024.11.02"]

1. e4 c6 2. d4 d5 3. Nc3 dxe4 4. Nxe4 Nf6 5. Qd3 Nxe4 6. Qxe4 Nd7 7. Nf3 Nf6 8.
Qd3 Bg4 9. Be2 e6 10. O-O Be7 11. h3 Bh5 12. Rd1 O-O 13. Ne5 Bxe2 14. Qxe2 Qb6
15. Bg5 Rad8 16. c3 Nd5 17. Bxe7 Nxe7 18. Rd2 Ng6 19. Rad1 Qa5 20. a3 Rd5 21. c4
Rd6 22. Nxg6 hxg6 23. Qe5 Qd8 24. b4 Re8 25. Rd3 Re7 26. Qg5 Red7 27. Qxd8+ Rxd8
28. f4 b5 29. cxb5 cxb5 30. g3 Rd5 31. Rc1 R8d7 32. Kf2 Kf8 33. Rc5 a6 34. Ke3
Ke7 35. h4 R5d6 1/2-1/2

[Event "TCh-HUN 2024-25"]
[Site "Hungary HUN"]
[Date "2025.05.11"]
[Round "9.9"]
[White "Bodrogi, Bendeguz"]
[Black "Geher, Koppany"]
[Result "1-0"]
[WhiteTitle "FM"]
[WhiteElo "2358"]
[BlackElo "2175"]
[WhiteTeam "ASE Paks"]
[BlackTeam "MTK Budapest"]
[WhiteFideId "790303"]
[BlackFideId "785091"]
[EventDate "2024.11.02"]

1. Nf3 Nf6 2. g3 g6 3. b3 Bg7 4. Bb2 O-O 5. Bg2 c5 6. c4 d5 7. cxd5 Qxd5 8. Nc3
Qd6 9. Rc1 Nc6 10. Ba3 Bg4 11. Nb5 Qd7 12. Rxc5 a6 13. Nc3 Bh3 14. Bxh3 Qxh3 15.
Rc4 Rfd8 16. Rh4 Qd7 17. O-O b5 18. Ne4 Nxe4 19. Rxe4 Qd5 20. Qb1 e5 21. Re3 h5
22. Rc1 b4 23. Bb2 Nd4 24. Bxd4 exd4 25. Re7 Rac8 26. Rxc8 Rxc8 27. Qd3 h4 28.
gxh4 Bf6 29. Re4 Rc1+ 30. Kg2 Ra1 31. Re8+ Kg7 32. Qxa6 Qd7 33. Qc8 Qxc8 34.
Rxc8 Rxa2 35. Rc4 d3 36. exd3 Be7 37. Rc7 Kf8 38. h5 gxh5 39. Nd4 Rxd2 40. Nf5
Bd8 41. Rd7 Ke8 42. Rd4 Bb6 43. Re4+ Kd8 44. d4 Rd3 45. Re3 Rd2 46. Rh3 Bxd4 47.
Nxd4 Rxd4 48. Rxh5 Ke7 49. Rb5 Kf6 50. f3 Kg6 51. Kg3 f6 52. h3 Kg7 53. Rb8 Kh7
54. Kf2 Kg7 55. Rb6 Kf7 56. Kg3 Kg7 57. Rb7+ Kg6 58. Rb8 Kg7 59. Kf2 Kf7 60. Rb6
Rh4 61. Kg2 Rd4 62. Rb8 Kg7 63. Kg3 Kh7 64. h4 Kh6 65. Rb7 Kg6 66. Rb6 Kg7 67.
h5 Rd5 68. h6+ Kxh6 69. Rxf6+ Kg5 70. Rf4 Rb5 71. Re4 Kf5 72. Kf2 Rb8 73. Ke3
Rb7 74. Kd3 Rd7+ 75. Kc4 Rd1 76. Rd4 Rf1 77. f4 Rc1+ 78. Kxb4 Rc8 79. Ka3 Ra8+
80. Kb2 Rb8 81. b4 Rb7 82. Kb3 Rb8 83. Kc4 1-0

[Event "TCh-HUN 2024-25"]
[Site "Hungary HUN"]
[Date "2025.05.11"]
[Round "9.10"]
[White "Terbe, Zsuzsanna"]
[Black "Papp, Petra"]
[Result "1/2-1/2"]
[WhiteTitle "WIM"]
[BlackTitle "WGM"]
[WhiteElo "2160"]
[BlackElo "2239"]
[WhiteTeam "MTK Budapest"]
[BlackTeam "ASE Paks"]
[WhiteFideId "708801"]
[BlackFideId "739049"]
[EventDate "2024.11.02"]

1. d4 Nf6 2. Bf4 d5 3. Nf3 c5 4. e3 Nc6 5. Nbd2 cxd4 6. exd4 Bg4 7. c3 e6 8. Qb3
Qc8 9. Bd3 Be7 10. O-O O-O 11. Rfe1 Bh5 12. Ne5 Nxe5 13. Bxe5 Bg6 14. Bxg6 hxg6
15. h4 Qc6 16. a4 a6 17. a5 Nd7 18. Nf3 b5 19. axb6 Nxb6 20. Bf4 a5 21. Ne5 Qb7
22. Qd1 Nc4 23. Nxc4 dxc4 24. h5 g5 25. Be5 Bf6 26. h6 Bxe5 27. Rxe5 gxh6 28.
Qh5 Kg7 29. Rxg5+ hxg5 30. Qxg5+ Kh7 31. Qh5+ Kg7 32. Qg5+ Kh7 33. Qh5+ 1/2-1/2